42 countries that have 7 letters Quiz Stats

 Plays Quiz not verified by Sporcle

Support Sporcle.
Go Orange.
Score 0/42 Timer 08:00
0 Plays Today
% Correct
Germany
90.1%
Finland
87.8%
Ireland
87.6%
Iceland
86%
Denmark
82.9%
Belgium
80%
Austria
79.9%
Algeria
79.9%
Estonia
77.9%
Hungary
77.2%
Morocco
76.9%
Vietnam
76.2%
Uruguay
76.1%
Nigeria
74.8%
Ukraine
74.7%
Romania
73.4%
Croatia
72.9%
Belarus
72.6%
Jamaica
71.9%
Andorra
71.7%
Ecuador
71.5%
% Correct
Albania
70.5%
Bolivia
70.5%
Tunisia
69.8%
Somalia
69.8%
Moldova
68.5%
Georgia
68.4%
Namibia
67.7%
Armenia
67%
Eritrea
65.3%
Liberia
65.2%
Lesotho
63.9%
Bahamas
62.9%
Lebanon
62.9%
Vanuatu
61.8%
Bahrain
60.6%
Myanmar
56.9%
Senegal
54.5%
Comoros
53.6%
Grenada
52.6%
Burundi
51.9%
St. Lucia
13.1%

You're not logged in!

Compare scores with friends on all Sporcle quizzes.
OR
Log In

From the Vault

Disney Animated Films Containing Numbers

by beforever

We like to do things by the numbers here.
Remove Ads.
Support Sporcle.
Get the best of Sporcle when you Go Orange. This ad-free experience offers more features, more stats, and more fun while also helping to support Sporcle. Thank you for becoming a member.

Show Comments

Extras

Created Mar 20, 2011ReportNominate
Tags:Country Quiz, Letter Quiz

Top Quizzes Today


Score Distribution

Your Account Isn't Verified!

In order to create a playlist on Sporcle, you need to verify the email address you used during registration. Go to your Sporcle Settings to finish the process.

Report this User

Report this user for behavior that violates our Community Guidelines.

Details: